000 00303nam a2200133 i 4500
001 bg
100 1 _aHOPGOOD, F. R. A.
245 0 _aMetody komplikacji /
_cF.R.A. Hopgood.
260 _aWarszawa,
_c1982.
040 _cBPK
041 _apol
942 _cKS
008 s pl f |000 0 pol
999 _c20733
_d20733
856 _uhttp://koha.tu.koszalin.pl/cgi-bin/koha/opac-detail.pl?biblionumber=20733
_yKatalog online BPK